Managing public disputes: a practical guide to handling conflict and reaching agreements
| VerfasserInnen: | ; |
|---|---|
| Medienart: | Druck Buch |
| Sprache: | Englisch |
| Veröffentlicht: |
San Francisco [u.a.]
Jossey Bass Publ.
1988
|
| In: | Jahr: 1988 |
| Ausgabe: | 1. ed. |
| Online-Zugang: |
Contributor biographical information Publisher description |
| Bestand in Tübingen: | In Tübingen vorhanden. UB: KB 18 A 4334 |
| Verfügbarkeit prüfen: | HBZ Gateway |
| Subito Bestelldienst: | Jetzt bestellen. |
| Schlagwörter: |
MARC
| LEADER | 00000cam a2200000 c 4500 | ||
|---|---|---|---|
| 001 | 022435328 | ||
| 003 | DE-627 | ||
| 005 | 20251219205614.0 | ||
| 007 | tu | ||
| 008 | 890223s1988 xxu||||| 00| ||eng c | ||
| 020 | |a 155542080X |9 1-55542-080-X | ||
| 035 | |a (DE-627)022435328 | ||
| 035 | |a (DE-576)013822985 | ||
| 035 | |a (DE-599)GBV022435328 | ||
| 035 | |a (OCoLC)17385622 | ||
| 035 | |a (OCoLC)17385622 | ||
| 035 | |a (DE-604)8051558211 | ||
| 040 | |a DE-627 |b ger |c DE-627 |e rakwb | ||
| 041 | |a eng | ||
| 044 | |c XD-US |c XA-GB | ||
| 050 | 0 | |a HD42 | |
| 082 | 0 | |a 658.4 | |
| 084 | |a 3,7 |2 ssgn | ||
| 084 | |a QP 300 |2 rvk |0 (DE-625)rvk/141850: | ||
| 100 | 1 | |a Carpenter, Susan L. |4 aut | |
| 245 | 1 | 0 | |a Managing public disputes |b a practical guide to handling conflict and reaching agreements |c Susan L. Carpenter; W. J. D. Kennedy |
| 250 | |a 1. ed. | ||
| 264 | 1 | |a San Francisco [u.a.] |b Jossey Bass Publ. |c 1988 | |
| 300 | |a XVIII, 293 S |b graph. Darst | ||
| 336 | |a Text |b txt |2 rdacontent | ||
| 337 | |a ohne Hilfsmittel zu benutzen |b n |2 rdamedia | ||
| 338 | |a Band |b nc |2 rdacarrier | ||
| 490 | 0 | |a Jossey-Bass management series | |
| 490 | 0 | |a Jossey-Bass public administration series | |
| 490 | 0 | |a Jossey-Bass social and behavioral science series | |
| 500 | |a Literaturverz. S. 279 - 283 | ||
| 583 | 1 | |a Massenentsäuerung nicht möglich |2 pdager |5 DE-18 | |
| 583 | 1 | |a Archivierung prüfen |c 20200919 |f DE-640 |z 2 |2 pdager | |
| 583 | 1 | |a Archivierung prüfen |c 20240324 |f DE-4165 |z 3 |2 pdager | |
| 650 | 0 | |a Conflict Management | |
| 650 | 0 | |a Problem solving | |
| 689 | 0 | 0 | |d s |0 (DE-588)4164954-0 |0 (DE-627)105443522 |0 (DE-576)209892145 |a Konfliktbewältigung |2 gnd |
| 689 | 0 | 1 | |d s |0 (DE-588)4135098-4 |0 (DE-627)105667609 |0 (DE-576)209657898 |a Betriebspsychologie |2 gnd |
| 689 | 0 | |5 (DE-627) | |
| 700 | 1 | |a Kennedy, W. J. D. |d 1924- |0 (DE-588)172666147 |0 (DE-627)697599507 |0 (DE-576)133524590 |4 aut | |
| 856 | 4 | 2 | |u http://www.loc.gov/catdir/enhancements/fy0607/87046342-b.html |x Verlag |y Contributor biographical information |7 1 |
| 856 | 4 | 2 | |u http://www.loc.gov/catdir/enhancements/fy0607/87046342-d.html |x Verlag |y Publisher description |7 1 |
| 935 | |i Blocktest | ||
| 936 | r | v | |a QP 300 |b Allgemeines |k Wirtschaftswissenschaften |k Allgemeine Betriebswirtschaftslehre |k Unternehmensführung |k Allgemeines |0 (DE-627)1271086751 |0 (DE-625)rvk/141850: |0 (DE-576)201086751 |
| 951 | |a BO | ||
| ELC | |b 1 | ||
| LOK | |0 000 xxxxxcx a22 zn 4500 | ||
| LOK | |0 001 3286070386 | ||
| LOK | |0 003 DE-627 | ||
| LOK | |0 004 022435328 | ||
| LOK | |0 005 20151023134400 | ||
| LOK | |0 008 881206||||||||||||||||ger||||||| | ||
| LOK | |0 040 |a DE-21 |c DE-627 |d DE-21 | ||
| LOK | |0 852 |a DE-21 | ||
| LOK | |0 852 1 |c KB 18 A 4334 |9 00 | ||
| LOK | |0 935 |a krim | ||
| LOK | |0 939 |a 06-12-88 |b l01 | ||
| ORI | |a SA-MARC-krimdoka001.raw | ||
| SIG | |a UB: KB 18 A 4334 | ||
